Statistics for South America pixelated flags (territories included)

Click here to take the quiz!

General Stats

  • This quiz has been taken 46 times
  • The average score is 13 of 14

Answer Stats

Answer% Correct
Argentina
100%
Brazil
98%
Chile
98%
Ecuador
98%
Venezuela
98%
Paraguay
95%
Uruguay
95%
Colombia
93%
Peru
93%
Bolivia
91%
Guyana
91%
Suriname
86%
French Guiana
70%
Falkland Islands
68%

Score Distribution

Percentile by Number Answered

Percent of People with Each Score

Your Score History

You have not taken this quiz